Blink Gone Lyrics (English) (Alnst Alien Stage Till Luka) - Statistics

General Stats
  • This quiz has been taken 4 times
  • The average score is 138 of 293
Answer Stats
Lyrics % Correct
Blink
100%
Go
100%
Gone
100%
The
75%
A
50%
And
50%
Can't
50%
Clock
50%
Don't
50%
Enjoy
50%
For
50%
Goes
50%
I
50%
I'm
50%
In
50%
It
50%
Let
50%
Lights
50%
No
50%
Now
50%
Oh
50%
Smile
50%
Tellin'
50%
Tick
50%
To
50%
Tock
50%
Verdant
50%
You
50%
Back
25%
Both
25%
Crazy
25%
Exist
25%
Eyes
25%
Forget
25%
Getting
25%
Hands
25%
High
25%
Just
25%
Leave
25%
Let's
25%
Lets
25%
Look
25%
Me
25%
Miss
25%
Moment
25%
Music
25%
My
25%
Neither
25%
Nor
25%
On
25%
Party
25%
Party's
25%
Present
25%
Regrets
25%
Relish
25%
Started
25%
This
25%
Tickle
25%
Tomorrow
25%
Wave
25%
Yesterday
25%
Your
25%
Air
0%
Away
0%
Before
0%
Behind
0%
Blazes
0%
Burdens
0%
Clear
0%
Come
0%
Crimson
0%
Dark
0%
Embraces
0%
Ever
0%
Everything
0%
Fades
0%
Fiery
0%
It's
0%
Lifting
0%
Make
0%
Mind
0%
Or
0%
Our
0%
Out
0%
Over
0%
Piercing
0%
Radiant
0%
Rhythm
0%
Sky
0%
Spirits
0%
Take
0%
Thrill
0%
Us
0%
Won't
0%
Yours
0%
No matching quizzes found
Score Distribution
Percent of People with Each Score
Percentile by Number Answered
Your Score History
You have not taken this quiz